000 00607nam a2200157 i 4500
001 185943
003 ES-MaACL
005 20230906222541.0
008 160829s1975 sp |||| | spa d
110 0 _aUniversidad Complutense de Madrid.
_bFacultad de Ciencias Matemáticas.
_97117
245 1 0 _aAnuario 1974-1975 /
_cUniversidad Complutense de Madrid, Facultad de Ciencias Matemáticas.
260 _aMadrid :
_bUniversidad Complutense de Madrid, Facultad de Ciencias Matemáticas,
_c1975.
300 _a117 p. ;
_c24 cm.
650 4 _aEnseñanza superior-
_zMadrid.
_9143672
852 _aES-MaACL
_jE-8837
999 _c185943
_d185943